000 00373nam a2200145Ia 4500
008 231129s1993||||xx |||||||||||||| ||spa||
020 _a758-33-0033-0
040 _bspa
082 _aCo861.44 C828r
100 _aCortes Jorge
245 0 _aLos rostros del silencio
260 _c1993
264 _aBuho Pescador
942 _2ddc
_cBKS
999 _c20034
_d20034